Договор транспортировки нефти и газа; Информационные технологии в науке, управлении, социальной сфере и медицине; Ч. 2

Dades bibliogràfiques
Parent link:Информационные технологии в науке, управлении, социальной сфере и медицине: сборник научных трудов III Международной научной конференции, 23-26 мая 2016 г., Томск.— , 2016
Ч. 2.— 2016.— [С. 652-654]
Autor principal: Гривцова И. С.
Autor corporatiu: Национальный исследовательский Томский политехнический университет (ТПУ)
Altres autors: Наумкина А. О.
Sumari:Заглавие с титульного экрана
At present the legislation of Russian Federation doesn't create rules that regulate a contract of oil and gas transportation. The relations emerging during oil and gas transportation are regulated by statutory acts of companies realizing the transportation. The subject of legal nature of the contract of oil and gas transportation is controversial and doesn't have any clearcut answer. Different authors classify the contract of oil and gas transportation as a shipping contract, paid service contract, barter contract, etc. The aim of this study is to examine characteristics of the contract of oil and gas transportation, as well as approaches to define the legal nature of the contract.
Idioma:rus
Publicat: 2016
Col·lecció:Информационные технологии и моделирование ресурсосберегающих процессов
Matèries:
Accés en línia:http://earchive.tpu.ru/handle/11683/31560
Format: MixedMaterials Electrònic Capítol de llibre
KOHA link:https://koha.lib.tpu.ru/cgi-bin/koha/opac-detail.pl?biblionumber=619823

MARC

LEADER 00000naa2a2200000 4500
001 619823
005 20231101133100.0
035 |a (RuTPU)RU\TPU\conf\18259 
035 |a RU\TPU\conf\18258 
090 |a 619823 
100 |a 20160902d2016 k y0rusy50 ca 
101 0 |a rus 
102 |a RU 
105 |a y z 101zy 
135 |a drgn ---uucaa 
181 0 |a i  
182 0 |a b 
200 1 |a Договор транспортировки нефти и газа  |d Oil and gas transportation agreement  |f И. С. Гривцова, А. О. Наумкина 
203 |a Текст  |c электронный 
225 1 |a Информационные технологии и моделирование ресурсосберегающих процессов 
230 |a 1 компьютерный файл (pdf; 395 Kb) 
300 |a Заглавие с титульного экрана 
320 |a [Библиогр.: с. 654 (3 назв.)] 
330 |a At present the legislation of Russian Federation doesn't create rules that regulate a contract of oil and gas transportation. The relations emerging during oil and gas transportation are regulated by statutory acts of companies realizing the transportation. The subject of legal nature of the contract of oil and gas transportation is controversial and doesn't have any clearcut answer. Different authors classify the contract of oil and gas transportation as a shipping contract, paid service contract, barter contract, etc. The aim of this study is to examine characteristics of the contract of oil and gas transportation, as well as approaches to define the legal nature of the contract. 
461 1 |0 (RuTPU)RU\TPU\conf\17281  |t Информационные технологии в науке, управлении, социальной сфере и медицине  |o сборник научных трудов III Международной научной конференции, 23-26 мая 2016 г., Томск  |o в 2 ч.  |d 2016 
463 1 |0 (RuTPU)RU\TPU\conf\17287  |t Ч. 2  |f Национальный исследовательский Томский политехнический университет (ТПУ) ; под ред. О. Г. Берестневой [и др.]  |v [С. 652-654]  |d 2016 
510 1 |a Oil and gas transportation agreement  |z eng 
610 1 |a труды учёных ТПУ 
610 1 |a электронные ресурсы 
610 1 |a транспортировка 
610 1 |a трубопроводный транспорт 
610 1 |a платные услуги 
610 1 |a перевозки 
610 1 |a нефтегазовая отрасль 
700 1 |a Гривцова  |b И. С. 
701 1 |a Наумкина  |b А. О. 
712 0 2 |a Национальный исследовательский Томский политехнический университет (ТПУ)  |c (2009- )  |2 stltpush  |3 (RuTPU)RU\TPU\col\15902 
801 2 |a RU  |b 63413507  |c 20160912  |g RCR 
856 4 |u http://earchive.tpu.ru/handle/11683/31560 
942 |c BK